01818njm a2200265Ia 4500001000600000003000900006005001700015008004100032040001300073040001300086100001100099100001800110100003800128245002300166250001100189260001100200260003800211300001700249300003000266500005400296505102600350511006901376650005201445700005501497L0899IT-RoPAU20220918181152.0131025s9999 xx 000 0 und d aIT-RoPAU cIT-RoPAU aAA.VV. eAutore musica gCodice autore musica SPICS: 12000 aJazz a Cinecittà a1a ed. aMILANO bHACHETTE RUSCONIc2004 [1a Ed.:0] aCOMPACT DISC c76 minuti (Testo: 0 pag.) aMusica jazz. Brani tratti da film di autori vari. aSette uomini d'oro (A. Trovaioli, Roma 17 luglio 1968, 4:08) - Incontro (di E. Morricone, Roma 15 febbraio 2001, 7:02) - Il vedovo (A. Travaioli, Roma 1959, 2:52) - Quadriglia (N. Rota, Roma 12 maggio 2003, 5:25) - I soliti ignoti [(da Audace colpo dei soliti ignoti, (P. Umiliani, Roma 1959, 4:57)] - L'asassino (P. Piccioni, Roma 1961, 2:46) - Amarcord (N. Rota, Roma 3 marzo 2003, 6:45) - Watch What Happens (M. Legrand, Roma ottobre 1968, 8:23) - Baleari operazione oro (B. Ghiglia, Roma 1966, 2:12) - Lo chiameremo Andrea (M. De Sica, Roma novembre 2000, 4:51) - Autoradio [(da Una vita violenta) (P. Piccioni, Roma 1962, 2:02)] - Cronaca familiare (G. Petrassi, Roma 11 novembre 1999, 4:36) - Hollywood Tonight [(da Smog) (P. Umiliani, Roma 1962, 4:28)] - Il clan dei siciliani (E. Morricone, Roma 4 giugno 2002, 4:50) - Blues all'alba [(da La notte) (G. Gaslini, Barlassina set del film 1960, 5:46)] - Lettura della lettera [(da La notte) (G. Gaslini, 3:37)] - Finale [(da La notte) (G. Gaslini, Roma 1960, 3:37)]. aA. Trovaioli, E. Morricone, N. Rota, P. Umiliani, M. Legrand ... aJAZZ [COMPACT DISC]eCodice MATERIA SPICS: 9949 aAA.VV.gCodice interprete SPICS: 12000eInterprete